Europäische Länder ohne N im Namen - Statistiken

Allgemein
  • Dieses Quiz wurde 205 mal gespielt
    186 seit der letzten Aktualisierung
  • Das Durchschnittsergebnis liegt bei 8 aus 9
Antwortstatistiken
Antworten % Korrekt
Portugal
96%
Schweiz
94%
Österreich
92%
Slowakei
89%
Luxemburg
87%
Malta
87%
Kosovo
86%
Belarus
85%
Türkei
58%
Keine übereinstimmenden Quizze gefunden
Verteilung der Resultate
Anzahl Personen mit jedem Resultat
Perzentil nach korrekt beantworteten Fragen
Ihre Resultats-Entwicklung
Sie haben dieses Quiz seit der letzten Aktualisierung nicht gespielt